Éléments sans voyelles #2 - Statistiques

Statistiques générales
  • Ce quiz a été pris 126 fois
  • Le résultat moyen est 12 sur 20
Statistiques - réponses
Indices Réponses % Correct
NCKL Nickel
98%
CHRM Chrome
97%
MGNSM Magnésium
96%
CBLT Cobalt
95%
PHSPHR Phosphore
93%
SFR Soufre
89%
KRPTN Krypton
87%
RGNT Argent
84%
NN Néon
72%
LMNM Aluminium
63%
SDM Sodium
63%
BSMTH Bismuth
61%
PLTN Platine
57%
BRLM Bérylium
40%
CSM Césium
39%
GRMNM Germanium
36%
PRMTHM Prométhium
24%
FRMM Fermium
22%
NTMN Antimoine
18%
FLRVM Flérovium
13%
Aucun quiz correspondant
Distribution des résultats
% des personnes avec chaque résultat
Percentile par nombre de réponses
Votre historique - résultats
Vous n’avez pas pris ce quiz